000 00676nam a22002177a 4500
003 Ost
005 20210720104613.0
008 201013b ||||| |||| 00| 0 eng d
020 _a9789993697800
040 _cBT-PhCST
050 _aD4278
082 _222
_a954.98
_bKES
100 _a Ashi Kesang Choden Tashi.
245 _aAshi Tashi Dorji :
_bher life & legacy /
_cworking team, Ashi Kesang Choden Tashi, Pema Wangdi, Tshering Tashi.
250 _a3rd ed.
260 _aThimphu :
_bAshi Kesang Choeden Wangchuck,
_cc2017.
300 _a592 p. :
_bill. (black and white, and color) ;
_c28 cm.
700 _aPema Wangdi.
700 _aTshering Tashi.
942 _2ddc
_cHIS
999 _c7922
_d7922